Регионална библиотека "Любен Каравелов" - Русе

Любен Каравелов (Запис номер 56906)

MARC детайли
000 -Лидер
Контролно поле с фиксирана дължина 01478nam a2200337 c 4500
003 - Код на организацията, давaща контролен номер
Контролно поле BLK
005 - Дата и час на последна редакция
Контролно поле 20240717124700.0
008 - Елементи от данни с фиксирана дължина
fixed length control field 180408b bul|||||r ||||||| ||bul||
010 ## - Наследен системен номер
LC control number KNG00060893000
040 ## - Източник на каталожния запис
Идентификатор на билиотеката - собственик на записа BLK
041 ## - Код за език
Код за езика на текст/звукозапис или на отделно заглавие Български
Код за езика КДБФ Български
080 ## - УДК
Текстов определител УДК Българска литература
УДК код - определител по УДК 821.163.2
УДК определител (092)
УДК - код + определител 821.163.2(092)
080 ## - УДК
Текстов определител УДК Български писател, журналист, мислител и революционер
УДК код - определител по УДК 929 Каравелов, Любен Стойчев
УДК определител
УДК - код + определител 929 Каравелов, Любен Стойчев
139 ## - Редно поле
Редна дума Любен Каравелов
Авторски знак
245 10 - Сведения за заглавието
Заглавие Любен Каравелов
Подзаглавни данни Сб. по случай 150 г. от рождението му
Редно поле (дума) отг. ред. Цвета Унджиева; отг. ред. Дочо Леков.
257 ## - Страна на издаване
Страна на създаване/издаване България
260 ## - Област на издателските данни
-- София
Име на издателя, разпространителя и проч. БАН
Година на издаване 1990
300 ## - Физическа характеристика
Страници 352 с.
Размери/Мащаб 25 см
380 ## - Жанр
Жанр Езикознание. Филология
500 ## - Общи забележки
Забележка Изд. на БАН. Инст. за лит. - 1 400 тир. - Библиогр. под линия.
650 #0 - Допълнително описание по предмет – тема
Основно описание – тема или топоним Писатели, български
9 (RLIN) 241944
653 ## - Ключова дума – ненормативна
Ключова дума български писатели
700 1# - Други автори (авторска отговорност)
Лично име Унджиева, Цвета Иванова
Дати, свързани с автора 1930 - 2000
9 (RLIN) 132910
700 1# - Други автори (авторска отговорност)
Лично име Леков, Дочо
Автороска отговорност (Описва отношението между автора и произведението) отг. ред.
9 (RLIN) 365488
852 ## - Местоположение
Форматна сигнатура Цб 164658
856 4# - Електронен адрес и достъп
Електронен формат pdf - файл
Път до файла /url/
856 4# - Електронен адрес и достъп
Електронен формат pdf - файл
Път до файла /url/
942 ## - АРТИКУЛИ
Вид на библиотечния материал Книги
Скрит в OPAC Не
944 ## - СЪЗДАВАНЕ И РЕДАКЦИЯ на ЗАПИСА
Създаване/Редакция Създаване
Дата на регистрацията/редакция 13.06.2004
Служител, извършил регистрацията/редакцията 30560
Статус, дата на статуса Геновева Генчева
944 ## - СЪЗДАВАНЕ И РЕДАКЦИЯ на ЗАПИСА
Създаване/Редакция Редакция
Дата на регистрацията/редакция 20.08.2015
Служител, извършил регистрацията/редакцията
999 ## - СИСТЕМНИ КОНТРОЛНИ НОМЕРА
Koha biblionumber 56906
Koha biblioitemnumber 56906
Наличности
Код за отписване Код за изгубен артикул Източник на класификационната схема Код за повреда Коз за рестрикции Код за отдаване Артикулен № Име на библиотеката - собственик Име на библиотеката, в която се намира в момента Статус (Текущо местоположение) Дата на вписване в системата Местоположение - отдел Цена в лева Инвентарен номер Систематично азбучна сигнатура Баркод Номер на екземпляра Цена в евро Служебна бележка Служебен тип на артикула
  Не е изгубен Universal Decimal Classification Не е повреден без рестрикции ползва се в читалня 91231 Регионална библиотека "Любен Каравелов" Русе Регионална библиотека "Любен Каравелов" Русе Читалня 1993-01-01 Читалня 4.41 543010 Ч 821.1663.2.09(092)/К 29 Л 120000543010 1 2.25 Дата инв: 27.03.2017 Бележки инв: Ч2017 Книги
Изтеглен Не е изгубен Universal Decimal Classification Не е повреден без рестрикции заемане за дома 91232 Регионална библиотека "Любен Каравелов" Русе Регионална библиотека "Любен Каравелов" Русе Заемна - подръчен фонд 1990-01-01 Заемна - подръчен фонд 4.41 543007 П 886.7.2(092)/К 29 Л 543007 2 2.25 N: стар фонд Дата: 01.01.1990 Дата инв: 07.02.2018 Бележки инв: П2018 Книги
Изтеглен Не е изгубен Universal Decimal Classification Не е повреден без рестрикции заемане за дома 91233 Регионална библиотека "Любен Каравелов" Русе Регионална библиотека "Любен Каравелов" Русе Заемна - подръчен фонд 1990-01-01 Заемна - подръчен фонд 4.41 543008 П 886.7.2(092)/К 29 Л 543008 3 2.25 N: стар фонд Дата: 01.01.1990 Дата инв: 07.02.2018 Бележки инв: П2018 Книги
  Не е изгубен Universal Decimal Classification Не е повреден без рестрикции ползва се в читалня 91234 Регионална библиотека "Любен Каравелов" Русе Регионална библиотека "Любен Каравелов" Русе Хранилище 1990-01-01 Хранилище 4.41 542111 Цб 164658 120000542111 4 2.25 N: стар фонд Дата: 01.01.1990 Книги
Vip Innovations Ltd, Rousse, Bulgaria 2025